000 01292nam0a2200361 4500
001 RU\NLR\bibl\1681969
005 20250616051822.0
010 _a978-5-295-05048-0
_93000
021 _aRU
_b2010-61398
_94020
035 _a(NLR Aleph) 001673161
090 _a1054316
_c1054316
100 _a20101005d2010 |||y0rusy50 ca
101 0 _abak
102 _aRU
105 _ay |||||||||
200 1 _aБашкирские имена
_fТансылу Кусимова, Светлана Биккулова
210 _aУфа
_cКитап
_d2010
215 _a229, [2] с.
_d25
300 _aЗагл. обл. и парал. загл. на башк. яз.
320 _aБиблиогр.: с. 227-229
606 1 _aБашкирский язык
_xСловари собственных имен
_xРусский язык
_92188175
_3RU\NLR\auth\661315522
686 _aШ163.22-424.1
686 _aШ141.12-424.2
700 1 _aКусимова
_bТ. Х.
_gТансылу Хажимовна
_4070
701 1 _aБиккулова
_bС. А.
_gСветлана Адигамовна
_4070
801 0 _aRU
_bNLR
_c20101005
_gRCR
801 1 _aRU
_bNLR
_c20101005
830 _aпо кн
852 _aNLR
_bОНЛ
_jБашк./4-507
942 _cBOOK
980 _aNB